Staff development/organization development /

Bibliographic Details
Corporate Author: Association for Supervision and Curriculum Development. Yearbook Committee
Other Authors: Dillon-Peterson, Betty, 1925-
Format: Book
Language:English
Published: Alexandria, Va. : Association for Supervision and Curriculum Development, [1981]
Subjects:

MARC

Tag First Indicator Second Indicator Subfields
LEADER 00000cam a2200000 a 4500
001 in00000071542
005 20151008062255.0
008 810911s1981 vaua b 00000 eng
010 |a  80070653  
020 |a 0871201046 (pbk.) :  |c $9.75 
035 |a (OCoLC)07836204 
035 |9 AAJ9879AM 
039 0 |a 2  |b 3  |c 3  |d 3  |e 3 
040 |a DLC  |c DLC  |d TXA  |d UtOrBLW 
049 |a TXAM  |c [1441994] 
050 0 0 |a LB1731  |b .S7119 
082 0 |a 371.1/46  |2 19 
245 0 0 |a Staff development/organization development /  |c prepared by the ASCD 1981 Yearbook Committee ; Betty Dillon-Peterson, chairperson and editor. 
264 1 |a Alexandria, Va. :  |b Association for Supervision and Curriculum Development,  |c [1981] 
264 4 |c ©1981 
300 |a viii, 149 pages :  |b illustrations ;  |c 24 cm. 
336 |a text  |b txt  |2 rdacontent 
337 |a unmediated  |b n  |2 rdamedia 
338 |a volume  |b nc  |2 rdacarrier 
504 |a Includes bibliographies. 
650 0 |a Teachers  |x In-service training. 
700 1 |a Dillon-Peterson, Betty,  |d 1925- 
710 2 |a Association for Supervision and Curriculum Development.  |b Yearbook Committee. 
999 |a MARS 
999 f f |s b2f421dd-d2ba-3399-88ad-d720cb961e53  |i 522ff96a-61d9-39d4-8335-41c3aa986089  |t 0 
952 f f |p normal  |a Texas A&M University  |b College Station  |c Sterling C. Evans Library  |d Evans: Library Stacks  |t 0  |e LB1731 .S7119  |h Library of Congress classification  |i unmediated -- volume  |m A14806161144 
998 f f |a LB1731 .S7119  |t 0  |l Evans: Library Stacks